[Event "Hessen-ch C"]
[Site "Frankfurt/Main"]
[Date "2019.05.30"]
[Round "1"]
[White "Spiegel, Nina"]
[Black "Buchholz, Jan"]
[Result "0-1"]
[WhiteElo "1571"]
[BlackElo "1259"]
[PlyCount "56"]
[EventDate "2019.05.30"]
[EventType "swiss"]
[EventRounds "7"]
[EventCountry "GER"]

{[%evp 0,56,26,19,100,76,84,62,56,10,104,103,91,91,87,73,120,101,121,63,119,25,
25,22,29,-47,11,-39,-35,-50,4,24,23,-58,-104,-174,-174,-152,-139,-139,-137,
-187,-187,-211,-157,-147,-142,-105,-119,-113,-149,-1166,-1200,-1213,-1174,
-1217,-1127,-1229,-1275]} 1. e4 c5 2. Nf3 Nc6 3. d4 cxd4 4. Nxd4 g6 5. Nc3 Bg7
6. Be3 Nf6 7. Nxc6 bxc6 8. e5 Ng8 9. Bd4 Bb7 10. e6 Nf6 11. exf7+ Kxf7 12. Bc4+
d5 13. Bb3 Re8 14. Qe2 a5 15. O-O-O Kg8 16. g4 e5 17. Bxe5 Nd7 18. f4 Nxe5 19.
fxe5 Rxe5 20. Qf3 Qg5+ 21. Kb1 Rf8 22. Qg3 Re3 23. Qc7 Re7 24. Qxa5 Qxg4 25.
Qb4 Qxb4 26. Rhf1 Bxc3 27. bxc3 Rxf1 28. Rxf1 Qxc3 0-1

[Event "Hessen-ch C"]
[Site "Frankfurt/Main"]
[Date "2019.05.30"]
[Round "1"]
[White "Urbach, Jens"]
[Black "Oezyar, Arin"]
[Result "1-0"]
[WhiteElo "1509"]
[BlackElo "1167"]
[PlyCount "65"]
[EventDate "2019.05.30"]
[EventType "swiss"]
[EventRounds "7"]
[EventCountry "GER"]

{[%evp 0,65,27,24,24,24,29,-12,-16,39,68,49,43,43,43,21,61,56,86,86,86,66,87,
64,54,21,88,61,79,13,15,44,293,211,226,210,135,67,68,50,78,-25,77,-47,217,186,
186,201,213,-12,51,25,25,-87,51,-31,1077,868,868,-34,238,238,238,238,1070,1428,
1428,1200]} 1. e4 e5 2. Nf3 Nc6 3. d4 exd4 4. Nxd4 Bc5 5. Be3 Qf6 6. c3 Nge7 7.
Bc4 d6 8. O-O Nxd4 9. cxd4 Bb6 10. Nc3 Be6 11. d5 Bd7 12. Qc1 c6 13. Bg5 Qg6
14. Qf4 f6 15. Bh4 f5 16. Bxe7 Kxe7 17. exf5 Bxf5 18. Rfe1+ Kd7 19. b4 Rhf8 20.
Qh4 Rae8 21. b5 Bd3 22. dxc6+ bxc6 23. bxc6+ Kxc6 24. Bd5+ Kd7 25. Qa4+ Kd8 26.
Qh4+ Kd7 27. Rxe8 Kxe8 28. Bc6+ Kf7 29. Re1 Qf6 30. Bd5+ Kg6 31. Re6 Rc8 32.
Rxf6+ gxf6 33. Qg3+ 1-0

[Event "Hessen-ch C"]
[Site "Frankfurt/Main"]
[Date "2019.05.30"]
[Round "1"]
[White "Vick, Edward"]
[Black "Droeser, Wolfgang"]
[Result "0-1"]
[WhiteElo "1167"]
[BlackElo "1414"]
[PlyCount "74"]
[EventDate "2019.05.30"]
[EventType "swiss"]
[EventRounds "7"]
[EventCountry "GER"]

{[%evp 0,74,30,24,76,92,104,102,102,67,130,138,142,71,95,69,82,-21,37,-15,80,
-36,129,79,58,48,53,49,52,52,26,21,43,5,12,8,29,-268,-269,-278,-278,-278,-234,
-222,-222,-217,-217,-194,-171,-204,-131,-331,-322,-359,-492,-504,-504,-526,
-581,-581,-549,-549,-507,-609,-573,-675,-665,-665,-718,-972,-1069,-1506,-29994,
-29997,-1795,-29999,-30000]} 1. e4 d6 2. d4 g6 3. Nf3 Bg7 4. Bc4 e6 5. Nc3 a6
6. b4 b5 7. Bb3 Bb7 8. Bb2 Ne7 9. O-O h6 10. e5 d5 11. a4 c6 12. Qd2 Nd7 13.
Rfe1 Nf5 14. Qd3 Qe7 15. axb5 cxb5 16. Ba3 O-O 17. Ne2 g5 18. Qd2 g4 19. Qf4
gxf3 20. Qxf3 Kh7 21. Qd3 Kh8 22. g3 Rg8 23. c3 Bf8 24. Bc2 f6 25. h3 fxe5 26.
g4 e4 27. Qd2 Nh4 28. Kh1 Nf3 29. Qf4 Nxe1 30. Rxe1 Bg7 31. Ng3 Rgf8 32. Qe3
Rf3 33. Qd2 Raf8 34. Nh5 Qh4 35. c4 Rxh3+ 36. Kg1 Qxg4+ 37. Kf1 Rh1# 0-1

[Event "Hessen-ch C"]
[Site "Frankfurt/Main"]
[Date "2019.05.30"]
[Round "2"]
[White "Drebes, Eric"]
[Black "Urbach, Jens"]
[Result "0-1"]
[WhiteElo "1086"]
[BlackElo "1509"]
[PlyCount "68"]
[EventDate "2019.05.30"]
[EventType "swiss"]
[EventRounds "7"]
[EventCountry "GER"]

{[%evp 0,68,26,24,46,37,73,38,38,23,73,19,13,-71,-54,-70,-61,-68,21,-13,64,64,
76,76,166,80,80,55,81,49,65,61,95,63,48,20,66,40,45,-3,-7,-5,-8,-3,0,-3,-4,-72,
-44,-111,-58,-56,-63,-141,-101,-121,-109,-109,-116,-116,-116,-129,-129,-139,
-100,-208,-138,-265,-256,-29999,-30000]} 1. e4 e6 2. d4 d5 3. e5 c5 4. Nf3 h6
5. c4 cxd4 6. Qxd4 Nc6 7. Qe3 Bb4+ 8. Bd2 Qa5 9. cxd5 Qxd5 10. Nc3 Bxc3 11.
Bxc3 b6 12. Be2 Nge7 13. O-O Nf5 14. Qd3 Qxd3 15. Bxd3 Nfe7 16. Rfd1 Bb7 17.
Rd2 O-O 18. Rad1 Nd5 19. Be4 Nxc3 20. bxc3 Na5 21. Bxb7 Nxb7 22. Rd7 Nc5 23.
Re7 Rfd8 24. Rd6 Ne4 25. Rxd8+ Rxd8 26. g3 Rd3 27. Kg2 Rxc3 28. Rxa7 Rc2 29.
Nd4 Rxf2+ 30. Kg1 Rb2 31. Nc6 g6 32. Nd8 Ng5 33. h4 Nf3+ 34. Kh1 Rh2# 0-1

[Event "Hessen-ch C"]
[Site "Frankfurt/Main"]
[Date "2019.05.30"]
[Round "2"]
[White "Droeser, Wolfgang"]
[Black "Mees, Andreas"]
[Result "1/2-1/2"]
[WhiteElo "1414"]
[BlackElo "1193"]
[PlyCount "35"]
[EventDate "2019.05.30"]
[EventType "swiss"]
[EventRounds "7"]
[EventCountry "GER"]

{[%evp 0,35,24,-21,-1,-13,27,7,6,10,-8,-30,-15,-46,-23,-19,-24,-47,-3,-13,-5,
43,46,-61,38,-42,6,-34,-38,-193,-79,-97,-81,-39,-11,-9,-6,10]} 1. f4 d5 2. Nf3
c5 3. e3 Nc6 4. Bb5 Nf6 5. Bxc6+ bxc6 6. O-O e6 7. d3 Be7 8. b3 d4 9. Ne5 Bb7
10. e4 Nd7 11. Ng4 f5 12. Nf2 Nf6 13. e5 Nd5 14. a3 a5 15. Qe1 O-O 16. c4 Nb6
17. a4 Kh8 18. Nd2 1/2-1/2

[Event "Hessen-ch C"]
[Site "Frankfurt/Main"]
[Date "2019.05.30"]
[Round "2"]
[White "Kosak, Karolina"]
[Black "Junkers, Guenter"]
[Result "1-0"]
[WhiteElo "1139"]
[BlackElo "1241"]
[PlyCount "49"]
[EventDate "2019.05.30"]
[EventType "swiss"]
[EventRounds "7"]
[EventCountry "GER"]

{[%evp 0,49,24,24,32,18,42,42,13,-35,22,2,471,499,584,513,513,513,589,582,613,
532,814,838,838,838,1004,794,931,676,686,598,863,863,863,871,1005,1003,1103,
1099,1099,1092,1092,1086,1086,719,719,646,659,854,29997,29998]} 1. e4 e5 2. Nf3
Nc6 3. d4 exd4 4. Bc4 Qe7 5. O-O Qxe4 6. Re1 Nf6 7. Rxe4+ Nxe4 8. Nxd4 Nxd4 9.
Qxd4 Nd6 10. Bg5 Nf5 11. Qe4+ Ne7 12. Nc3 d6 13. Re1 f6 14. Bh4 c6 15. Be6 Bd7
16. Bxd7+ Kxd7 17. Nb5 d5 18. Qe6+ Kd8 19. Qd6+ Ke8 20. Nc7+ Kf7 21. Qe6+ Kg6
22. Re3 Nf5 23. Rf3 Nxh4 24. Rg3+ Kh5 25. Qg4+ 1-0

[Event "Hessen-ch C"]
[Site "Frankfurt/Main"]
[Date "2019.05.30"]
[Round "2"]
[White "Oezyar, Arin"]
[Black "Klein, Simon"]
[Result "1-0"]
[WhiteElo "1167"]
[BlackElo "1369"]
[PlyCount "47"]
[EventDate "2019.05.30"]
[EventType "swiss"]
[EventRounds "7"]
[EventCountry "GER"]

{[%evp 0,47,24,24,73,83,83,77,76,85,92,66,45,49,90,80,95,14,48,13,14,14,169,20,
250,250,223,239,608,456,783,808,1192,1192,1412,1481,1481,1357,1357,1357,1341,
1398,1398,910,922,843,858,795,1634,1755]} 1. e4 d6 2. d4 Nf6 3. Nc3 Nbd7 4. Nf3
e5 5. dxe5 dxe5 6. Bc4 h6 7. O-O c6 8. Re1 b5 9. Bb3 b4 10. Ne2 Nxe4 11. Ng3
Nxg3 12. Nxe5 Nxe5 13. Bxf7+ Kxf7 14. Qxd8 Ng6 15. Qe8+ Kf6 16. Qxc6+ Kf5 17.
Qf3+ Nf4 18. Qxf4+ Kg6 19. Qxg3+ Kh7 20. Qd3+ g6 21. Qe3 Bf5 22. Qf3 Bg7 23.
Re7 Rab8 24. Qf4 1-0

[Event "Hessen-ch C"]
[Site "Frankfurt/Main"]
[Date "2019.05.30"]
[Round "2"]
[White "Peschk, Kathrin"]
[Black "Spiegel, Nina"]
[Result "0-1"]
[WhiteElo "1399"]
[BlackElo "1571"]
[PlyCount "78"]
[EventDate "2019.05.30"]
[EventType "swiss"]
[EventRounds "7"]
[EventCountry "GER"]

{[%evp 0,78,34,34,39,39,39,39,39,-9,2,-25,7,-34,36,91,102,75,75,75,75,-15,-15,
-138,-29,-76,8,3,167,-56,-56,-45,-11,-58,-36,-50,-40,-64,-60,-38,13,22,42,-2,
-25,-25,0,2,5,-25,31,35,-70,-100,-13,-73,-13,-13,0,-108,-108,-108,-108,-195,
-194,-207,-181,-215,-201,-195,-131,-217,-111,-136,-65,-161,-115,-460,-470,
-29999,-30000]} 1. e4 e5 2. Nf3 Nc6 3. Bc4 Bc5 4. c3 Nf6 5. d4 exd4 6. e5 Qe7
7. O-O Nxe5 8. Nxe5 Qxe5 9. Re1 Ne4 10. Qf3 d5 11. Nd2 O-O 12. Nxe4 dxc4 13.
Bf4 Qe7 14. Nxc5 Qxc5 15. cxd4 Qb6 16. Qc3 Be6 17. Rad1 Rad8 18. Rd2 Bd5 19.
Rde2 Qc6 20. Qg3 Rfe8 21. Bxc7 Rxe2 22. Rxe2 Re8 23. Rxe8+ Qxe8 24. Qe3 Qc6 25.
Qe7 h6 26. f3 Kh7 27. Be5 Qg6 28. Qd6 Qb1+ 29. Kf2 Qxb2+ 30. Kg3 Qb5 31. Qf8 f6
32. Bf4 c3 33. Qc8 Bc6 34. Qe6 Bd7 35. Qe4+ Kg8 36. Qc2 Qc4 37. d5 Be8 38. d6
g5 39. Be3 Qh4# 0-1

[Event "Hessen-ch C"]
[Site "Frankfurt/Main"]
[Date "2019.05.30"]
[Round "2"]
[White "Rettenmayr, Stefan"]
[Black "Schmitt, Leon Raphael"]
[Result "1-0"]
[WhiteElo "1261"]
[BlackElo "1044"]
[PlyCount "83"]
[EventDate "2019.05.30"]
[EventType "swiss"]
[EventRounds "7"]
[EventCountry "GER"]

{[%evp 0,79,24,-20,39,-36,24,15,176,203,203,203,188,188,191,172,232,221,232,
221,198,198,198,198,213,176,193,146,170,175,192,205,439,433,433,433,441,433,
426,339,429,435,436,352,352,345,345,343,338,248,350,349,418,418,418,333,346,
350,396,375,407,251,420,198,167,167,253,237,316,320,369,368,392,425,594,473,
526,454,632,660,749,1134]} 1. c4 c5 2. g3 d6 3. Bg2 Bd7 4. Bxb7 Nc6 5. Bxa8
Qxa8 6. Nf3 Nd4 7. O-O Nxf3+ 8. exf3 Bc6 9. Kg2 g5 10. d4 cxd4 11. Bxg5 f6 12.
Bc1 e5 13. Re1 Ne7 14. Nd2 Nf5 15. Ne4 Rg8 16. Nxf6+ Kf7 17. Nxg8 Kxg8 18. Qd3
Qc8 19. Rg1 Kf7 20. Bg5 h6 21. g4 hxg5 22. Qxf5+ Qxf5 23. gxf5 Kf6 24. Rh1 Bd7
25. h4 Bh6 26. hxg5+ Bxg5 27. b4 Kxf5 28. Rh7 Ke6 29. Rah1 a6 30. b5 axb5 31.
Rxd7 Kxd7 32. cxb5 Bd8 33. Kf1 Ba5 34. Ke2 Ke6 35. Kd3 Kd5 36. Rc1 Bc3 37. Rxc3
dxc3 38. Kxc3 Kc5 39. a4 Kb6 40. Kc4 Ka5 41. Kd5 Kb6 42. Kxd6 1-0

[Event "Hessen-ch C"]
[Site "Frankfurt/Main"]
[Date "2019.05.30"]
[Round "2"]
[White "Wiencken, Marcus"]
[Black "Vick, Edward"]
[Result "1-0"]
[WhiteElo "1296"]
[BlackElo "1167"]
[PlyCount "47"]
[EventDate "2019.05.30"]
[EventType "swiss"]
[EventRounds "7"]
[EventCountry "GER"]

{[%evp 0,47,24,24,37,28,28,-8,26,24,32,27,16,-34,-51,-45,-43,-46,-26,-17,48,22,
50,40,56,22,39,25,16,-7,34,16,96,44,229,56,163,109,159,104,468,531,720,524,
29995,29996,29997,29998,29999,-30000]} 1. e4 d5 2. exd5 Nf6 3. Bc4 Nxd5 4. Nf3
Nc6 5. d4 Bf5 6. c3 e6 7. Nbd2 Bd6 8. O-O O-O 9. Re1 Nf4 10. Ne4 Bxe4 11. Rxe4
Nd5 12. Rh4 Re8 13. Ng5 h6 14. Nf3 Nb6 15. Bb3 e5 16. Rg4 e4 17. Ne1 Na5 18.
Bxh6 Bf8 19. Rg3 Kh7 20. Bxg7 Bxg7 21. Bxf7 Qe7 22. Qh5+ Bh6 23. Qg6+ Kh8 24.
Qxh6# 1-0

[Event "Hessen-ch C"]
[Site "Frankfurt/Main"]
[Date "2019.05.31"]
[Round "3"]
[White "Hofmann, Maximilian"]
[Black "Droeser, Wolfgang"]
[Result "1-0"]
[WhiteElo "1103"]
[BlackElo "1414"]
[PlyCount "75"]
[EventDate "2019.05.30"]
[EventType "swiss"]
[EventRounds "7"]
[EventCountry "GER"]

{[%evp 0,75,34,20,51,24,40,40,92,65,82,25,106,66,66,56,70,50,50,18,52,13,32,3,
49,29,131,121,107,50,105,100,100,117,117,72,131,133,168,-169,-161,-187,-186,
-187,-150,-196,43,-66,86,34,110,49,269,268,268,243,243,232,232,111,111,96,191,
164,266,135,412,378,378,373,660,668,676,691,707,730,811,769]} 1. d4 f5 2. c4
Nf6 3. Nc3 c6 4. Bg5 e6 5. e4 Be7 6. e5 Ne4 7. Bxe7 Qxe7 8. Nxe4 fxe4 9. Qe2
O-O 10. O-O-O Qg5+ 11. Rd2 Qg6 12. Nh3 b6 13. g3 Na6 14. a3 Bb7 15. Bg2 c5 16.
d5 exd5 17. cxd5 Nc7 18. Bxe4 Qh6 19. f4 Qxh3 20. Rf1 Ba6 21. Bd3 b5 22. d6 c4
23. Be4 c3 24. bxc3 b4 25. c4 Rac8 26. dxc7 Rxc7 27. Bd5+ Kh8 28. axb4 Rfc8 29.
b5 Bxb5 30. Rc2 Ba6 31. e6 dxe6 32. Bxe6 Re8 33. Bxh3 Rxe2 34. Rxe2 Bxc4 35.
Re8+ Bg8+ 36. Kd2 g6 37. Be6 Rg7 38. Rxg8+ 1-0

[Event "Hessen-ch C"]
[Site "Frankfurt/Main"]
[Date "2019.05.31"]
[Round "3"]
[White "Junkers, Guenter"]
[Black "Bernath, Markus"]
[Result "0-1"]
[WhiteElo "1241"]
[BlackElo "1561"]
[PlyCount "78"]
[EventDate "2019.05.30"]
[EventType "swiss"]
[EventRounds "7"]
[EventCountry "GER"]

{[%evp 0,78,23,16,2,37,8,42,3,3,54,7,26,-9,74,-30,-9,-35,-21,-10,-10,-41,-27,
-73,-52,-36,-13,-61,-34,-64,-85,-313,-286,-294,-296,-298,-186,-271,-237,-311,
-283,-307,-307,-331,-315,-369,-323,-343,-313,-405,-313,-340,-250,-340,-315,
-359,-287,-287,-287,-330,-312,-346,-343,-453,-404,-985,-918,-1063,-1076,-1076,
-1076,-1270,-1315,-1345,-1393,-1401,-1526,-29997,-29998,-29999,-30000]} 1. e4
e5 2. Nf3 Nc6 3. d4 exd4 4. Nxd4 Bc5 5. Nxc6 Qf6 6. Qf3 Qxc6 7. e5 Qxf3 8. gxf3
d6 9. Be3 Bxe3 10. fxe3 dxe5 11. Nd2 Be6 12. Rg1 g6 13. Bb5+ c6 14. Bd3 O-O-O
15. Rg4 Bxg4 16. fxg4 Ne7 17. Nc4 Rd5 18. O-O-O Rhd8 19. Be2 f5 20. Rxd5 Rxd5
21. e4 fxe4 22. Ne3 Ra5 23. Bc4 Nd5 24. Nf1 Nb4 25. Ng3 Rc5 26. Be6+ Kc7 27. c3
Nd3+ 28. Kc2 Nf2 29. Nf1 Kd6 30. Bg8 Nxg4 31. h3 e3 32. hxg4 e2 33. b4 Rxc3+
34. Kxc3 exf1=Q 35. Bxh7 Qh3+ 36. Kb2 Qxh7 37. Kb3 Qh3+ 38. Ka4 b5+ 39. Ka5
Qa3# 0-1

[Event "Hessen-ch C"]
[Site "Frankfurt/Main"]
[Date "2019.05.31"]
[Round "3"]
[White "Klein, Simon"]
[Black "Vick, Edward"]
[Result "1-0"]
[WhiteElo "1369"]
[BlackElo "1167"]
[PlyCount "111"]
[EventDate "2019.05.30"]
[EventType "swiss"]
[EventRounds "7"]
[EventCountry "GER"]

{[%evp 0,89,20,20,20,29,29,29,29,38,82,47,46,51,35,3,20,-22,33,13,29,-13,21,25,
33,52,32,31,40,49,38,23,98,47,58,108,108,118,117,70,69,69,85,29,61,69,99,80,95,
61,103,82,63,63,146,160,144,122,124,142,177,170,767,734,769,723,751,751,751,
789,789,721,824,1037,1039,781,813,845,891,769,875,860,864,884,1003,662,662,668,
701,698,815,901]} 1. d4 d5 2. Bf4 Nf6 3. e3 e6 4. Nf3 c5 5. c3 cxd4 6. cxd4 Nc6
7. a3 Bd6 8. Bg3 Qc7 9. Nbd2 Bd7 10. b4 a6 11. Rc1 Bxg3 12. hxg3 Qd6 13. Bd3 h6
14. Nb3 b6 15. Kf1 Rg8 16. Qe1 e5 17. dxe5 Nxe5 18. Nxe5 Qxe5 19. Rc3 Ne4 20.
Bxe4 dxe4 21. f3 Bb5+ 22. Kf2 exf3 23. gxf3 Rd8 24. Rh4 Qf6 25. Re4+ Kf8 26.
Nd4 Qg5 27. Rc7 Qh5 28. Rh4 Qd5 29. Qb1 h5 30. Rf4 Rd7 31. Rc8+ Rd8 32. Rxd8+
Qxd8 33. Ne6+ Ke7 34. Nxd8 Rxd8 35. Rd4 Rc8 36. Qe4+ Kf8 37. Rd6 Ba4 38. Qb7
Rc2+ 39. Kg1 Rc1+ 40. Kh2 g6 41. Qxa6 Bd1 42. Rxd1 Rxd1 43. Qxb6 Rd3 44. a4 h4
45. gxh4 f5 46. Qxg6 Rxe3 47. Qxf5+ Ke8 48. Qc8+ Kf7 49. Kg3 Kg6 50. a5 Ra3 51.
a6 Kf7 52. Qb7+ Ke8 53. a7 Rxa7 54. Qxa7 Kd8 55. h5 Ke8 56. h6 1-0

[Event "Hessen-ch C"]
[Site "Frankfurt/Main"]
[Date "2019.05.31"]
[Round "3"]
[White "Mees, Andreas"]
[Black "Buchholz, Jan"]
[Result "0-1"]
[WhiteElo "1193"]
[BlackElo "1259"]
[PlyCount "62"]
[EventDate "2019.05.30"]
[EventType "swiss"]
[EventRounds "7"]
[EventCountry "GER"]

{[%evp 0,62,20,8,44,26,14,7,40,57,57,42,88,88,124,71,71,36,6,-38,30,-41,-35,
-26,-21,-41,-31,-43,-30,-65,60,-156,-135,-135,-115,-146,-71,-71,35,-185,-205,
-205,-205,-310,-132,-168,-155,-316,-295,-311,-341,-424,-421,-457,-378,-401,
-426,-493,-470,-593,-451,-418,-509,-29991,-29994]} 1. e4 c5 2. d4 cxd4 3. c3
dxc3 4. Nxc3 Nc6 5. Bc4 g6 6. Nf3 Bg7 7. O-O Nf6 8. Bf4 O-O 9. Qd2 a6 10. a3 d6
11. Rad1 b5 12. Ba2 Bb7 13. Rfe1 Rc8 14. Ng5 Ne5 15. Re3 Nc4 16. Bxc4 bxc4 17.
Rh3 e5 18. Be3 Ng4 19. f4 Nxe3 20. Qxe3 exf4 21. Qxf4 Be5 22. Qh4 h5 23. Rf1
Bf6 24. Rg3 Rc5 25. Qxh5 Bxg5 26. Qf3 Bh4 27. Rh3 Bc8 28. g4 Qg5 29. Nd5 Rxd5
30. exd5 Bxg4 31. Qc3 Bxh3+ 0-1

[Event "Hessen-ch C"]
[Site "Frankfurt/Main"]
[Date "2019.05.31"]
[Round "3"]
[White "Schmitt, Leon Raphael"]
[Black "Oezyar, Arin"]
[Result "1-0"]
[WhiteElo "1044"]
[BlackElo "1167"]
[PlyCount "73"]
[EventDate "2019.05.30"]
[EventType "swiss"]
[EventRounds "7"]
[EventCountry "GER"]

{[%evp 0,73,26,26,45,47,46,14,20,20,27,-8,58,58,79,50,125,112,134,128,369,358,
358,291,324,318,410,349,408,378,374,359,355,343,374,355,392,378,422,367,388,
385,423,406,440,350,354,364,336,287,312,304,312,233,237,233,232,232,259,252,
252,268,298,307,314,209,247,206,296,286,319,345,345,339,379,385]} 1. e3 e5 2.
Nc3 Nc6 3. Nf3 Nf6 4. d4 exd4 5. Nxd4 Nxd4 6. Qxd4 d6 7. Bc4 Bf5 8. e4 Qe7 9.
Bg5 Bxe4 10. Bxf6 gxf6 11. Qxe4 Qxe4+ 12. Nxe4 O-O-O 13. Bxf7 Bh6 14. O-O Rhf8
15. Bh5 f5 16. Nc3 Rg8 17. Rfe1 Rg5 18. Bf3 Rdg8 19. Re6 Bg7 20. Rae1 Be5 21.
Nd5 R8g7 22. c4 Kd7 23. Rh6 c6 24. Nb4 Bxb2 25. Nd3 Bc3 26. Ree6 R5g6 27. Rexg6
hxg6 28. g3 g5 29. Kg2 g4 30. Bd1 Bd2 31. Rf6 Rg5 32. f3 gxf3+ 33. Kxf3 Rh5 34.
h4 Ke7 35. Rg6 Rh7 36. Nf4 Bxf4 37. Kxf4 1-0

[Event "Hessen-ch C"]
[Site "Frankfurt/Main"]
[Date "2019.05.31"]
[Round "3"]
[White "Spiegel, Nina"]
[Black "Drebes, Eric"]
[Result "1/2-1/2"]
[WhiteElo "1571"]
[BlackElo "1086"]
[PlyCount "65"]
[EventDate "2019.05.30"]
[EventType "swiss"]
[EventRounds "7"]
[EventCountry "GER"]

{[%evp 0,65,29,15,37,41,59,61,52,66,66,70,90,90,116,78,106,52,98,96,96,49,36,
-4,103,32,283,58,58,28,52,74,414,459,459,-97,-116,-130,-171,-185,-151,-162,
-149,-155,-145,-123,-128,-152,-73,-108,-138,-147,-131,-149,-146,-149,-144,-144,
-193,-194,-217,-250,-213,-252,-181,-215,-189,-239]} 1. e4 d5 2. exd5 Qxd5 3.
Nc3 Qa5 4. d4 Nf6 5. Nf3 Bg4 6. h3 Bh5 7. Bc4 e6 8. Qe2 a6 9. g4 Bg6 10. Ne5
Nbd7 11. Bd2 O-O-O 12. O-O-O Be7 13. f4 Bb4 14. h4 Nxe5 15. dxe5 Bxc3 16. Bxc3
Qa4 17. Bb3 Qxf4+ 18. Kb1 Qxg4 19. Qe1 Rxd1+ 20. Qxd1 Qxd1+ 21. Rxd1 Nd7 22.
Bc4 Rd8 23. Be2 f6 24. exf6 gxf6 25. h5 Bf7 26. Rg1 Rg8 27. Rf1 f5 28. h6 Rg2
29. Bf3 Rh2 30. Bg7 Bh5 31. Bh1 Nc5 32. Rg1 Bg4 33. a3 1/2-1/2

[Event "Hessen-ch C"]
[Site "Frankfurt/Main"]
[Date "2019.05.31"]
[Round "3"]
[White "Urbach, Jens"]
[Black "Rettenmayr, Stefan"]
[Result "1/2-1/2"]
[WhiteElo "1509"]
[BlackElo "1261"]
[PlyCount "87"]
[EventDate "2019.05.30"]
[EventType "swiss"]
[EventRounds "7"]
[EventCountry "GER"]

{[%evp 0,87,29,15,32,32,136,131,116,104,117,-3,66,44,31,9,14,17,27,-3,-10,-11,
-15,-15,-18,-25,-25,-41,-37,-40,-40,-45,-35,-63,-47,-50,-19,-23,-20,-39,-43,
-61,-45,-53,-32,-117,-124,-124,-124,-124,-74,-74,-54,-55,-55,-50,-50,-54,-27,
-54,-27,-53,-56,-79,-77,-77,-88,-91,-30,-68,-64,-64,-9,0,0,-78,-76,-68,-12,-4,
1,-65,-52,0,0,0,0,0,0,0]} 1. e4 c5 2. Nf3 g6 3. d4 cxd4 4. Nxd4 Nf6 5. Bd3 d6
6. O-O Nc6 7. c3 Bg7 8. Be3 O-O 9. Nd2 Ng4 10. Qe2 Nxe3 11. Qxe3 Bd7 12. N2f3
Qb6 13. Nxc6 bxc6 14. Qxb6 axb6 15. Rfe1 Rfd8 16. Ng5 h6 17. Nf3 Be6 18. a3 c5
19. Nd2 d5 20. e5 c4 21. Bc2 d4 22. Be4 dxc3 23. bxc3 Ra5 24. Nf3 Bxe5 25. Nxe5
Rxe5 26. f4 Rb5 27. Bxg6 Rb3 28. Re3 fxg6 29. Rxe6 Kf7 30. Rae1 Rd7 31. a4 Rxc3
32. Rxb6 Ra3 33. Rb4 Rc7 34. Rc1 c3 35. Kf2 Ra7 36. Rc4 R7xa4 37. Rxa4 Rxa4 38.
Ke3 Rc4 39. g3 Kf6 40. Kd3 Rc6 41. Rxc3 Rxc3+ 42. Kxc3 e5 43. fxe5+ Kxe5 44.
Kd3 1/2-1/2

[Event "Hessen-ch C"]
[Site "Frankfurt/Main"]
[Date "2019.05.31"]
[Round "4"]
[White "Bernath, Markus"]
[Black "Klein, Simon"]
[Result "1-0"]
[WhiteElo "1561"]
[BlackElo "1369"]
[PlyCount "55"]
[EventDate "2019.05.30"]
[EventType "swiss"]
[EventRounds "7"]
[EventCountry "GER"]

1. e4 d6 2. d4 Nf6 3. Nc3 Nbd7 4. Bc4 e5 5. dxe5 dxe5 6. Nf3 Bb4 7. Bd2 c6 8.
Qe2 b5 9. Bb3 a5 10. a4 Bxc3 11. Bxc3 bxa4 12. Bxa4 Ba6 13. Qe3 Qc7 14. Bb3 Bb5
15. Nd2 a4 16. Nc4 O-O 17. Ba2 Rfe8 18. O-O Nf8 19. Rfd1 Rad8 20. Nxe5 Rxd1+
21. Rxd1 Rxe5 22. Bxe5 Qxe5 23. Qa7 Qe8 24. c4 Nxe4 25. cxb5 cxb5 26. Rd8 Qxd8
27. Qxf7+ Kh8 28. Qg8# 1-0

[Event "Hessen-ch C"]
[Site "Frankfurt/Main"]
[Date "2019.05.31"]
[Round "4"]
[White "Buchholz, Jan"]
[Black "Elpelt, Silvia"]
[Result "1/2-1/2"]
[WhiteElo "1259"]
[BlackElo "1413"]
[PlyCount "129"]
[EventDate "2019.05.30"]
[EventType "swiss"]
[EventRounds "7"]
[EventCountry "GER"]

1. c4 e5 2. Nc3 Bb4 3. g3 Nf6 4. Bg2 O-O 5. e3 c6 6. Nge2 d5 7. cxd5 cxd5 8. d4
e4 9. O-O Bg4 10. Qb3 Bxc3 11. Nxc3 Qd7 12. Bd2 Nc6 13. Rac1 Rab8 14. Rfe1 Ne7
15. Ne2 Bh3 16. Bb4 Bxg2 17. Kxg2 Rfc8 18. Nf4 Nc6 19. Bc3 h6 20. Qd1 Ne7 21.
f3 Ng6 22. Nh3 exf3+ 23. Qxf3 Ne4 24. Bb4 Rxc1 25. Rxc1 Rc8 26. Qd1 Rxc1 27.
Qxc1 Kh7 28. Qc2 Kg8 29. Bc3 Ne7 30. Nf2 Nf5 31. Qd3 Nfd6 32. Bb4 Nxf2 33. Kxf2
Ne4+ 34. Kg2 Qf5 35. Qc2 Qg4 36. Be1 h5 37. h3 Qg5 38. Qe2 g6 39. Qf3 Kg7 40.
Qf4 Qxf4 41. gxf4 f5 42. h4 Kf6 43. Kf3 Ke6 44. Ke2 Kd7 45. Kd3 Kc6 46. Kc2 b5
47. Kb3 Kb6 48. Kb4 a5+ 49. Kb3 Nd6 50. Kc3 b4+ 51. Kb3 Kb5 52. a3 a4+ 53. Kc2
bxa3 54. bxa3 Nc4 55. Bf2 Nxa3+ 56. Kb2 Nc4+ 57. Ka2 Nd2 58. Ka3 Nc4+ 59. Ka2
Nb6 60. Ka3 Kc4 61. Be1 Kb5 62. Bf2 Nc4+ 63. Ka2 Kb4 64. Be1+ Kb5 65. Bf2
1/2-1/2

[Event "Hessen-ch C"]
[Site "Frankfurt/Main"]
[Date "2019.05.31"]
[Round "4"]
[White "Droeser, Wolfgang"]
[Black "Spiegel, Nina"]
[Result "0-1"]
[WhiteElo "1414"]
[BlackElo "1571"]
[PlyCount "66"]
[EventDate "2019.05.30"]
[EventType "swiss"]
[EventRounds "7"]
[EventCountry "GER"]

1. f4 d5 2. Nf3 g6 3. e3 Bg7 4. Be2 Nf6 5. d3 O-O 6. O-O c5 7. c3 b6 8. Ne5 Bb7
9. Bf3 Nc6 10. d4 e6 11. Nd2 Qc7 12. Be2 Ne7 13. g4 Rad8 14. g5 Nd7 15. Ng4 Nf5
16. Rf3 f6 17. gxf6 Nxf6 18. Rh3 Bc8 19. Nf1 cxd4 20. cxd4 Ne4 21. Nd2 Nf6 22.
Ne5 Nd7 23. Ndf3 Nxe5 24. fxe5 Qe7 25. e4 dxe4 26. Ng5 h6 27. Nxe4 Rxd4 28. Qc2
Bb7 29. Nf6+ Bxf6 30. exf6 Qxf6 31. Bxh6 Nxh6 32. Rf1 Rg4+ 33. Bxg4 Qxf1# 0-1

[Event "Hessen-ch C"]
[Site "Frankfurt/Main"]
[Date "2019.05.31"]
[Round "4"]
[White "Kosak, Karolina"]
[Black "Urbach, Jens"]
[Result "0-1"]
[WhiteElo "1139"]
[BlackElo "1509"]
[PlyCount "56"]
[EventDate "2019.05.30"]
[EventType "swiss"]
[EventRounds "7"]
[EventCountry "GER"]

1. e4 e6 2. d4 d5 3. exd5 exd5 4. Nf3 c5 5. c4 cxd4 6. Nxd4 Bb4+ 7. Nc3 Bxc3+
8. bxc3 Nf6 9. Qe2+ Qe7 10. Be3 O-O 11. g3 Bg4 12. Nf3 Qa3 13. h3 Qxc3+ 14. Bd2
Qxa1+ 15. Qd1 Re8+ 16. Be2 Qxd1+ 17. Kxd1 Bxf3 18. Bxf3 Rd8 19. Re1 Nc6 20. Be2
Rd7 21. Kc2 Rad8 22. Rd1 Nd4+ 23. Kd3 dxc4+ 24. Ke3 Nc2+ 25. Kf3 Rxd2 26. Rc1
Nd4+ 27. Kg2 Nxe2 28. Ra1 Rd1 0-1